000 00592nam a22001577a 4500
008 100124t xxu||||| |||| 00| 0 eng d
082 _222
_a629.2292
_bJAI
100 _910547
_aJain, S. C.
245 _aTractor Engine:
_bMaintenance and Repair/
_cS. C. Jain & C. R. Rai
260 _aNew Delhi:
_bTata McGraw-Hill, 1980
_c1980
300 _a170p.:
_bill.;
_c24 cm.
650 _910546
_aTraction-engines
700 _910548
_aRai, C. R.
942 _2ddc
_cBB
999 _c13180
_d13180